| 000 | 00381nam a22001337a 4500 | ||
|---|---|---|---|
| 003 | NUST | ||
| 040 | _aBIT-10 | ||
| 082 | _aBIT-10 | ||
| 245 |
_aBluwark Web Application Vulnerability Scanner _cMuhammad Saad, Waqas Jamal |
||
| 264 |
_aIslamabad : _bSEECS, NUST _c2011. |
||
| 300 |
_a50p. _c30CM. |
||
| 856 | _uhttp://10.250.8.41:8080/xmlui/handle/123456789/31899 | ||
| 942 |
_2ddc _cTHE |
||
| 999 |
_c592807 _d592807 |
||